000 00611nam a22001817a 4500
005 20251108164836.0
008 250721s1975 xx 000 0 ara d
082 1 4 _a810.9062/محم
100 1 _aالخفاجي، محمد عبد المنعم
245 1 0 _aالآداب العربية في العصر العباسي الثاني /
264 1 _aالقاهرة :
_bمكتبة الكليات الأزهرية،
_c1975.
300 _a244ص
650 1 7 _aالنقد الأدبي
650 1 7 _aالعصر العباسي الثاني
650 1 7 _aالأدب العربي
942 _2ddc
_cBK
999 _c15640
_d15640